00896nam a2200169 a 450000100100000000500170001000800410002704000250006808200150009311001260010824502240023426000470045830000210050504900090052695201740053599900170070900003338120200930070223.0110324s1934 dr a 000 0 spa d aDO-SdBNPbspacBNPHU axxxbR426m1 aRepública DominicanabSecretaría de Estado de Agricultura,bSección de Publicaciones y Difuciones Agrícola95895710aMemoria que al honorable presidente de la república, general Rafael L. Trujillo Molina presenta el señor R. César Tolentino :brelativa a las labores realizadas en el departamento a su cargo durante el año 1932. aSanto Domingo :bTip "La Nación",c1934. a555 p. ;c23 cm. aBNPD 0010718PDaPDbPDcCTd2011-08-25iLF1l0oxxx R426mp33381-10r2020-06-25w2020-06-25yLFPDzPerteneció a la biblioteca personal de Julio Ortega FrierZNo se presta c32872d32872